Cicle de seminaris d’actualització jurídica local (1999 : Barcelona) Barcelona)
Descripción Física:
1 f. plegat en 2 parts : il. col., fot. ; 21 x 42 cm plegat a 21 x 10 cm
MARC
| LEADER | 00000nam a2200000Ia 4500 | ||
|---|---|---|---|
| 001 | 24569 | ||
| 008 | 160829s9999 xx 000 0 cat d | ||
| 080 | |a FU-67-64 | ||
| 100 | |a Cicle de seminaris d’actualització jurídica local 1999 |9 49500 | ||
| 245 | |a Cicle de seminaris d’actualització jurídica local (1999 : |b Barcelona) | ||
| 260 | |a [Barcelona] : |b Diputació de Barcelona. Servei de Formació Local, DL 1998 | ||
| 300 | |a 1 f. plegat en 2 parts : |b il. col., fot. ; |c 21 x 42 cm plegat a 21 x 10 cm | ||
| 590 | |a Inclou el programa de les jornades . | ||
| 590 | |a Amb la col·loboració del Tribunal Superior de Justícia de Catalunya | ||
| 650 | |a Justícia |x Formació |x Barcelona (Província) |9 49501 | ||
| 710 | |a Barcelona (Catalunya : Província). |b Servei de Formació Local |9 53659 | ||
| 710 | |a Catalunya. |b Tribunal Superior de Justicia |9 5362 | ||
| 901 | |a Arxiu | ||
| 942 | |n 1 | ||
| 952 | |0 0 |1 0 |4 0 |6 FU6764 |7 1 |9 55412 |a Arxiu |b Arxiu |d 2016-12-01 |l 0 |o FU-67-64 |p 24569 |r 2016-12-01 00:00:00 |w 2016-12-01 |y ARXIU | ||
| 999 | |c 59285 |d 59285 | ||